000
002300000a22000970004500
100
1
_a
Bray, Gerald
245
1
0
_a
Adam and Christ (Romans 5:12-21)
300
_a
Vol. 18, Núm 1 (2000), Páginas 4-8
773
0
_t
Evangel
942
_c
ANA
999
_c
54430
_d
54430